Autostrade e città attraversate - Quiz n°1 - Statistics

Statistiche generali
  • Questo quiz è stato fatto 78 volte
  • Il punteggio medio è 32 su 45
Statistiche sulle risposte
Domanda Casella Select % Corretto
A1 Autostrada del Sole Bari No
100%
A1 Autostrada del Sole Napoli
100%
A1 Autostrada del Sole Roma
99%
A1 Autostrada del Sole Torino No
99%
A1 Autostrada del Sole Venezia No
99%
A1 Autostrada del Sole Venezia No
99%
A1 Autostrada del Sole Firenze
94%
A1 Autostrada del Sole Milano
94%
A1 Autostrada del Sole Bologna
88%
A5 Autostrada della Valle d'Aosta Savona No
88%
A5 Autostrada della Valle d'Aosta Aosta
87%
A5 Autostrada della Valle d'Aosta Cuneo No
83%
A5 Autostrada della Valle d'Aosta Alessandria No
81%
A5 Autostrada della Valle d'Aosta Asti No
80%
A13 Autostrada Euganea Rimini No
78%
A13 Autostrada Euganea Padova
77%
A13 Autostrada Euganea Ravenna No
74%
A21 Autostrada dei Vini Milano No
72%
A21 Autostrada dei Vini Bergamo No
71%
A5 Autostrada della Valle d'Aosta Torino
71%
A9 Autostrada dei Laghi Como
70%
A13 Autostrada Euganea Rovigo
70%
A5 Autostrada della Valle d'Aosta Courmayeur
68%
A13 Autostrada Euganea Treviso No
68%
A13 Autostrada Euganea Verona No
68%
A13 Autostrada Euganea Vicenza No
68%
A9 Autostrada dei Laghi Bergamo No
67%
A13 Autostrada Euganea Ferrara
67%
A21 Autostrada dei Vini Piacenza
65%
A5 Autostrada della Valle d'Aosta Biella No
64%
A21 Autostrada dei Vini Alessandria
61%
A9 Autostrada dei Laghi Brescia No
61%
A21 Autostrada dei Vini Cremona
61%
A5 Autostrada della Valle d'Aosta Ivrea
61%
A21 Autostrada dei Vini Novara No
61%
A9 Autostrada dei Laghi Treviglio No
61%
A21 Autostrada dei Vini Asti
58%
A13 Autostrada Euganea Bologna
58%
A21 Autostrada dei Vini Torino
57%
A9 Autostrada dei Laghi Saronno
52%
A9 Autostrada dei Laghi Segrate No
48%
A9 Autostrada dei Laghi Turate
43%
A9 Autostrada dei Laghi Lecco No
42%
A9 Autostrada dei Laghi Legnano No
39%
A21 Autostrada dei Vini Brescia No
23%
Nessun quiz corrispondente trovato
Distribuzione punteggi
Percentuale di utenti per punteggio
Percentile per numero di risposta
I tuoi punteggi nel tempo
Non hai fatto questo quiz